000 00766nam a22002177a 4500
999 _c5146
_d5146
003 AR-CdUCM
008 190312b ||||| |||| 00| 0 spa d
040 _aMUNICIPALIDAD PROVINCIAL DEL CUSCO
_cBIBLIOTECA MUNICIPAL DEL CUSCO
082 _a989.082 /
_bR84
100 _aRostworowski, María
_9377
245 _aLa mujer en el Perú prehispánico /
260 _aLima :
_bIEP,
_c1995.
300 _a23 paginas ;
_c30 cm.
440 _aEtnohistoria
_n2
_915635
505 _aContenido : Divinidades femeninas y la mujer en los mitos -- Mujeres jefas de señoríos -- La mujer sacerdotisa, sacrificadora y sacrificada ...
650 _aSituación de la mujer
_915636
650 _aMujeres
_93760
650 _aHistoria
_9136
942 _2ddc
_cLIBROS
945 _arah